At the fun fair : Focus on adjectives

Bibliographic Details
Main Author: May Gan
Corporate Author: Title
Format: Book
Published: Selangor : Pustaka Tintamas , 2006
Series:English grammer series
Subjects:

MARC

LEADER 00000cam a2200000 7i4500
001 0000001771
005 20220105103927.0
008 070709
020 |a 9833004784(set) 
020 |a 9833004814 
090 0 0 |a JP   |b ENG (2175) 
100 1 |a May Gan 
245 1 0 |a At the fun fair :   |b Focus on adjectives   |c May Gan 
260 |a Selangor :   |b Pustaka Tintamas ,   |c 2006 
440 0 |a English grammer series 
500 |a Children age 4-6 years old (yellow) 
650 0 |a Children's stories, English 
710 0 |a Title 
999 |a 0000951635   |b Book   |c Children Collection   |e Cawangan Bandar Penawar 
999 |a 0000962379   |b Book   |c Children Collection   |e Perbadanan Perpustakaan Awam Johor 
999 |a 0000962381   |b Book   |c Children Collection   |e Perbadanan Perpustakaan Awam Johor 
999 |a 0000962383   |b Book   |c Children Collection   |e Perbadanan Perpustakaan Awam Johor